| 000 | 00473nab a2200145Ia 4500 | ||
|---|---|---|---|
| 003 | ES-SlBCS | ||
| 005 | 20210601133734.0 | ||
| 008 | 140529s1998 xxu||||| |||| 00| 0 por d | ||
| 041 | _apor | ||
| 100 | 1 |
_aMeneghetti, Rosa Gitana Krob _9208985 |
|
| 245 | 0 | 2 |
_aA proposta educacional metodista no Brasil _c Rosa Gitana Krob Meneghetti |
| 650 | 0 | 4 |
_aEducación-Metodista _9208986 |
| 773 | 0 |
_tEducaçao e Filosofia _gvol. 12, nº. 24, 1998, págs. 205-226 _wRev1534 |
|
| 942 | _cAR | ||
| 999 |
_c601336 _d601336 |
||